Available light /

Bibliographic Details
Main Author: Piercy, Marge
Format: Book
Language:English
Published: New York : Knopf, 1988.
Edition:1st ed.

MARC

Tag First Indicator Second Indicator Subfields
LEADER 00000cam a22000008a 4500
001 in00000015446
005 20151007053051.0
008 871127s1988 nyu 00010 eng
010 |a  87040490  
020 |a 039456474X :  |c $16.95 
020 |a 0394756916 (pbk.) :  |c $8.95 
035 |a (OCoLC)17234299 
035 |9 AAB0276AM 
040 |a DLC  |c DLC  |d TXA  |d UtOrBLW 
049 |a TXAM  |c [A11489701] 
050 0 0 |a PS3566.I4  |b A94 1988 
082 0 |a 811/.54  |2 19 
100 1 |a Piercy, Marge. 
245 1 0 |a Available light /  |c by Marge Piercy. 
250 |a 1st ed. 
263 |a 8803 
264 1 |a New York :  |b Knopf,  |c 1988. 
300 |a vii, 129 pages 
336 |a text  |b txt  |2 rdacontent 
337 |a unmediated  |b n  |2 rdamedia 
338 |a volume  |b nc  |2 rdacarrier 
999 |a MARS 
999 f f |s 48e7c2f0-0115-3308-beb7-06ea0c73fa6f  |i a5b64242-46ce-3f77-8a61-eb1d57f604c6  |t 0 
952 f f |p ric  |a Texas A&M University  |b Rellis Campus  |c Joint Library Facility  |d Remote Storage  |t 0  |e PS3566.I4 A94 1988  |h Library of Congress classification  |i unmediated -- volume  |m A14811489701 
998 f f |a PS3566.I4 A94 1988  |t 0  |l Remote Storage